Procesos cognitivos y desórdenes emocionales: enfoque estructural de la psicoterapia
Guardat en:
| Autors principals: | , |
|---|---|
| Format: | Llibre |
| Idioma: | espanyol |
| Publicat: |
Santiago
Cuatro Vientos
2006
|
| Matèries: | |
| Etiquetes: |
Afegir etiqueta
Sense etiquetes, Sigues el primer a etiquetar aquest registre!
|
MARC
| LEADER | 00000nam a2200000 a 4500 | ||
|---|---|---|---|
| 001 | UCJ2414 | ||
| 003 | CL-VaPUC | ||
| 008 | 061214e20060000CL |||||||||||||||||spa|d | ||
| 020 | |a 9562421015 | ||
| 082 | 0 | 4 | |a 155.413 |b GUI |2 21 |
| 100 | |a Guidano, Vittorio F |e author |9 349589 | ||
| 700 | 0 | |a Liotti, G |e author |9 503416 | |
| 245 | 1 | 0 | |a Procesos cognitivos y desórdenes emocionales: enfoque estructural de la psicoterapia |
| 300 | |a 381 p | ||
| 942 | |c BK | ||
| 945 | |d 20061214 00:00:00 |a jtorresc | ||
| 260 | |a Santiago |b Cuatro Vientos |c 2006 | ||
| 650 | 0 | |a Procesos cognitivos |9 493766 | |
| 650 | 7 | |a PROCESO MENTALES |2 CL-VaPUC |9 503417 | |
| 650 | 7 | |a PROCESOS PSIQUICOS |2 CL-VaPUC |9 493767 | |
| 650 | 0 | |a Cognición |9 270347 | |
| 583 | |a last modification |c 20061214 00:00:00 |k Rodrigo Vera | ||
| 999 | |c 318715 |d 318713 | ||
| 952 | |0 0 |1 0 |4 0 |6 155_413000000000000_GUI_2006 |7 0 |8 A |9 396738 |a BIBEDU |b BIBEDU |d 2019-11-22 |i 4308131 |l 2 |m 1 |o 155.413 GUI 2006 |p 4308131 |r 2024-07-31 |s 2024-07-02 |w 2019-11-22 |y BK |k PSI | ||